1850 1966 1698 1505 1593 1490 1164 1193 1894 1757 1846 1162 1455 1526 1016 1969 1622 1498 1893 1808 1573 1378 1403 1384 1726 1966 1155 1817 1894 1384 1733 1777 1286 1674 1277 1665 1779 1587 1614 1480 1111 1912 1575 1877 1071 1378 1613 1158 1430 1078 1313 1558 1787 1275 1115 1742 1201 1494 1382 1243 1631 1257 1778 1144 1247 1916 1967 1653 1619 1154 1682 1962 1549 1659 1826 1384 1524 1702 1056 1510 1068 1864 1900 1788 1443 1252 1838 1008 1668 1318 1569 1951 1344 1395 1497 1703 1330 1600 1082 BCNSPRNW ULIB Ver.6.0+V

เปลี่ยนเป็นภาษาไทย

Change to English
 แสดงรายละเอียดบรรณานุกรม
  กลับหน้าหลัก

Brief Record : Get Marc (ISO 2709) : E-mail record : QR code < ปิดหน้าต่าง
LEADER : 00000nam 2200000uu 4500
001    13399121481
003     ULIB
008    121121s2550||||th 000 0 tha d
020    ^a9789747162318
050  0  ^aTX724.5T5^bต366
245  1  ^aตำรับอาหารฝาอบ.
250    ^aพิมพ์ครั้งที่3.
260    ^aกรุงเทพฯ :^bแสงแดด, ^c2550.
300    ^a134 หน้า :^bภาพประกอบ ;^c27 ซม.
650  7 ^aการอบ.
650  7 ^aการปรุงอาหาร.
850    ^aDTC Library
945    ^p250^l0^i17043
995    ^aวิภา
999    ^aวิภา
รายการนี้ยังไม่มีแท็ก
คุณยังไม่ได้ล็อกอิน คุณสามารถมีกิจกรรมร่วมกับเว็บไซต์ได้ แต่ต้องล็อกอินก่อน ::
  ล็อกอิน

รายการสื่อสารสนเทศ

ลำดับที่ ประเภท เลขเรียก/บาร์โค้ด สถานที่ สถานะ
1. วิทยาศาสตร์การแพทย์ และสุขภาพ
วิทยาศาสตร์การแพทย์ และสุขภาพ
TX724.5T5 ต366  
  Barcode: 17043
ห้องสมุดวิทยาเขตสวรรค์ประชารักษ์
►หนังสือทั่วไป
บนชั้น

รายการใกล้เคียง
    หัวเรื่อง [การปรุงอาหาร.]

BibComment


ยังไม่เคยถูกคอมเมนท์

คอมเมนท์ทรัพยากรรายการนี้
  คอมเมนท์: ตำรับอาหารฝาอบ


 Copyright 2026. Bcnsprnw @Library